000 00755nam a22001937a 4500
005 20180219141752.0
010 _aB-689580
020 _c95.00
035 _aB-689580
037 _adpl
_bKKP
082 _a334
245 _aThe Delhi co-operative societies act, 2003 :
_b(Delhi act 3 of 2004) /
260 _aDelhi
_bUniversal Law Publishing
_c2017
270 _aLexisNexis, 14th Floor, Building No.10, DLF Cyber City, Phase-II
_bGurgaon
_e122002
300 _avii,80p.
_c23cm(pbk)
505 _a(Rashtrapati Bhawan)
942 _2ddc
_cEN
_mDEL
_h334
999 _c150006
_d150006